| 000 | 00662nam a2200229 a 4500 | ||
|---|---|---|---|
| 001 | 2561 | ||
| 003 | CDMR | ||
| 005 | 20131127101102.0 | ||
| 008 | 130130s1988||||||||||||||||||||||||||||d | ||
| 020 | _a8434410788 | ||
| 040 |
_aCDMR _bcat _cCDMR |
||
| 100 | 1 |
_aMuñoz Machado, Santiago _91922 |
|
| 245 | 1 | 0 |
_aLibertad de prensa y procesos por difamación _cSantiago Muñoz Machado |
| 260 |
_aBarcelona _c1988 _bAriel |
||
| 300 | _a199 p. | ||
| 490 | 0 |
_aAriel _v78 |
|
| 650 | 0 | 4 |
_91582 _aLlibertat d'impremta |
| 650 | 0 | 4 |
_94371 _aDelictes contra l'honor |
| 650 | 0 | 4 |
_94397 _aResponsabilitat (Dret) |
| 650 | 0 | 4 |
_93208 _aPeriodisme _xDret i legislació |
| 942 |
_cMON _2udc |
||
| 999 |
_c2561 _d2561 |
||